[Event "XXXI Ogolnopolski Turniej Szachowy Junio"]
[Site "MDK nr 1 Bydgoszcz"]
[Date "2014.02.03"]
[Round "1.1"]
[White "Straszewski, Tomasz"]
[Black "Kroczka, Gromoslaw"]
[Result "0-1"]
[WhiteElo "1356"]
[BlackElo "1775"]
[PlyCount "68"]
[EventDate "2014.??.??"]

1. e4 c5 2. Nf3 e6 3. d4 cxd4 4. Nxd4 a6 5. Nc3 Qc7 6. a4 Bb4 7. Bd2 Nf6 8. g3
b6 9. Bg2 Bb7 10. O-O O-O 11. Re1 Nc6 12. Nxc6 Qxc6 13. Na2 Be7 14. Bg5 h6 15.
Bf4 Rac8 16. Re2 Rfd8 17. Nc1 d6 18. Nd3 e5 19. Be3 Ng4 20. Nb4 Qc4 21. Bxb6
Qxb4 22. Bxd8 Rxd8 23. Rd2 Nf6 24. c3 Qc5 25. Qe2 Rc8 26. Ra3 Qc6 27. f3 d5 28.
exd5 Qb6+ 29. Kf1 Bxa3 30. bxa3 Bxd5 31. Qxe5 Bc4+ 32. Ke1 Re8 33. Qxe8+ Nxe8
34. Kd1 Qb1# 0-1

[Event "XXXI Ogolnopolski Turniej Szachowy Junio"]
[Site "MDK nr 1 Bydgoszcz"]
[Date "2014.02.03"]
[Round "1.2"]
[White "Matewski, Marcin"]
[Black "Losinska, Aleksandra"]
[Result "1/2-1/2"]
[WhiteElo "1635"]
[BlackElo "1351"]
[PlyCount "50"]
[EventDate "2014.??.??"]

1. e4 {[%emt 0:00:00]} c5 2. Nf3 e6 3. d4 cxd4 4. Nxd4 a6 5. Be3 Nf6 6. Nd2 Nc6
7. f3 d6 8. N2b3 Be7 9. Qd2 Bd7 10. h4 Rc8 11. h5 h6 12. c3 b5 13. Nxc6 Bxc6
14. Nd4 Bb7 15. Bd3 Nd7 16. g4 Ne5 17. Ke2 d5 18. Rag1 dxe4 19. fxe4 Nc4 20.
Bxc4 Rxc4 21. b3 Rc8 22. Qd3 Bf6 23. Rh3 e5 24. Nf5 Qxd3+ 25. Kxd3 Rd8+ 1/2-1/2

[Event "XXXI Ogolnopolski Turniej Szachowy Junio"]
[Site "MDK nr 1 Bydgoszcz"]
[Date "2014.02.03"]
[Round "1.3"]
[White "Kulpinski, Jakub"]
[Black "Dobosz, Kacper"]
[Result "0-1"]
[WhiteElo "1347"]
[BlackElo "1608"]
[PlyCount "92"]
[EventDate "2014.??.??"]

1. e4 e5 2. Nf3 Nc6 3. Bc4 Bc5 4. c3 Nf6 5. O-O d6 6. d4 exd4 7. cxd4 Bb6 8.
Nc3 Bg4 9. Be3 Bxf3 10. gxf3 Qd7 11. Bb5 d5 12. Qa4 a6 13. Bxc6 bxc6 14. e5 Ng8
15. Ne2 Ne7 16. Rac1 O-O 17. Ng3 f5 18. Bg5 f4 19. Bxe7 Qxe7 20. Ne2 Qg5+ 21.
Kh1 Qh5 22. Rc3 c5 23. dxc5 Qxe5 24. cxb6 Qxe2 25. Qd1 Qxd1 26. Rxd1 cxb6 27.
Rxd5 Rae8 28. Kg2 Rf6 29. Rc4 Re1 30. Rdd4 Re2 31. Rxf4 Rxf4 32. Rxf4 Rxb2 33.
a4 a5 34. Rd4 Kf7 35. Re4 Rb4 36. h3 Kf6 37. Kf1 g5 38. Ke2 h5 39. Kf1 Kf5 40.
Ke2 Rxe4+ 41. fxe4+ Kxe4 42. f3+ Kf4 43. Kf2 h4 44. Kg2 Ke3 45. Kh2 Kxf3 46.
Kh1 Kg3 0-1

[Event "XXXI Ogolnopolski Turniej Szachowy Junio"]
[Site "MDK nr 1 Bydgoszcz"]
[Date "2014.02.03"]
[Round "1.4"]
[White "Kozakiewicz, Gracjan"]
[Black "Borkowska, Zuzanna"]
[Result "1/2-1/2"]
[WhiteElo "1577"]
[BlackElo "1306"]
[PlyCount "99"]
[EventDate "2014.??.??"]

1. d4 d5 2. c4 e6 3. Nf3 Nf6 4. Bg5 Be7 5. Nc3 Nbd7 6. e3 O-O 7. Bd3 b6 8. cxd5
exd5 9. O-O Bb7 10. Rc1 c5 11. Re1 c4 12. Bb1 Ne4 13. Bxe7 Qxe7 14. Nxe4 dxe4
15. Nd2 b5 16. b3 cxb3 17. Qxb3 a6 18. Rc7 Rab8 19. Rec1 Rfd8 20. d5 f5 21. d6+
Qf7 22. Qb2 Qf6 23. Qb3+ Kh8 24. Qb4 Ne5 25. a4 h6 26. d7 Rxd7 27. Rxd7 Nxd7
28. axb5 axb5 29. Qxb5 Qd6 30. Nc4 Qd5 31. Qxd5 Bxd5 32. Nd6 g6 33. Rc8+ Rxc8
34. Nxc8 Bb7 35. Ne7 Kg7 36. Ba2 Nf6 37. Kf1 Nd7 38. Ke2 Nc5 39. Bc4 Ba6 40.
Bxa6 Nxa6 41. f3 exf3+ 42. Kxf3 Nc7 43. h4 Kf7 44. Nc6 Kf6 45. Nd4 g5 46. hxg5+
hxg5 47. g4 fxg4+ 48. Kxg4 Nd5 49. Nc2 Nxe3+ 50. Nxe3 1/2-1/2

[Event "XXXI Ogolnopolski Turniej Szachowy Junio"]
[Site "MDK nr 1 Bydgoszcz"]
[Date "2014.02.03"]
[Round "1.5"]
[White "Chalas, Klaudiusz"]
[Black "Kowalski, Roman"]
[Result "0-1"]
[WhiteElo "1286"]
[BlackElo "1557"]
[PlyCount "48"]
[EventDate "2014.??.??"]

1. e4 {[%emt 0:00:00]} e5 {[%emt 0:00:00]} 2. Nf3 Nf6 3. Bc4 Nxe4 4. Bxf7+ Kxf7
5. Nxe5+ Kg8 6. Qf3 Nf6 7. d4 Nc6 8. Bg5 d5 9. Nxc6 bxc6 10. O-O Be7 11. Qc3
Bd7 12. Nd2 Kf7 13. f4 Rf8 14. Nf3 Bd6 15. Ne5+ Kg8 16. Nxc6 Bxc6 17. Qxc6 Qd7
18. Qc3 Ne4 19. Qe3 Rae8 20. Qd3 h6 21. Bh4 Bxf4 22. Rad1 Qg4 23. Bg3 Nxg3 24.
hxg3 Be3+ 0-1

[Event "XXXI Ogolnopolski Turniej Szachowy Junio"]
[Site "MDK nr 1 Bydgoszcz"]
[Date "2014.02.03"]
[Round "1.6"]
[White "Drobka, Marcin"]
[Black "Losinski, Piotr"]
[Result "0-1"]
[WhiteElo "1523"]
[BlackElo "1248"]
[PlyCount "88"]
[EventDate "2014.??.??"]

1. e4 c5 2. Nf3 e6 3. d4 cxd4 4. Nxd4 a6 5. Nc3 b5 6. a3 Bb7 7. Bd3 d6 8. O-O
Nf6 9. Bg5 Be7 10. f4 Nbd7 11. Qd2 Rc8 12. Rae1 Nb6 13. Qf2 h6 14. Bxf6 Bxf6
15. e5 Bh4 16. g3 Be7 17. f5 dxe5 18. fxe6 Qxd4 19. exf7+ Kf8 20. Qxd4 exd4 21.
Ne2 Bf6 22. Bg6 Nd5 23. Nf4 Ne3 24. c3 Ke7 25. cxd4 Bxd4 26. Bf5 Kd6 27. Bxc8
Ng4+ 28. Rf2 Bxf2+ 29. Kf1 Bxe1 30. Bxb7 Rf8 31. Kxe1 Rxf7 32. Bxa6 Nxh2 33.
Bxb5 Rb7 34. a4 Nf3+ 35. Kf2 Nd4 36. Nh5 g6 37. Nf4 g5 38. Nd3 Nxb5 39. axb5
Rxb5 40. Kf3 Rb3 41. Ke4 h5 42. Kd4 h4 43. gxh4 gxh4 44. Ke3 Rxd3+ 0-1

[Event "XXXI Ogolnopolski Turniej Szachowy Junio"]
[Site "MDK nr 1 Bydgoszcz"]
[Date "2014.02.03"]
[Round "1.7"]
[White "Andrzejewska, Maja"]
[Black "Chalas, Dawid"]
[Result "0-1"]
[WhiteElo "1114"]
[BlackElo "1480"]
[PlyCount "98"]
[EventDate "2014.??.??"]

1. e4 e5 2. Nf3 Nc6 3. Nc3 Nf6 4. d4 exd4 5. Nxd4 Bc5 6. Be3 Bb6 7. Bb5 O-O 8.
O-O a6 9. Bxc6 dxc6 10. Nf5 Bxe3 11. Nxe3 Qe7 12. Qf3 Re8 13. Nf5 Qe5 14. Rfe1
Bd7 15. Rad1 Rad8 16. Qg3 Qxg3 17. Nxg3 h6 18. h3 Be6 19. a4 Rd7 20. Rxd7 Nxd7
21. Rd1 Nb6 22. b3 Kf8 23. f4 g6 24. f5 gxf5 25. Nxf5 Bxf5 26. exf5 Re3 27. f6
Ke8 28. Nb1 Re2 29. Na3 Nd5 30. Rf1 Re6 31. Nc4 b6 32. g4 Nxf6 33. Kf2 Nd5 34.
Re1 Rxe1 35. Kxe1 Nf4 36. Ne5 c5 37. h4 Ng2+ 38. Kf2 Nxh4 39. Kg3 Ng6 40. Nxg6
fxg6 41. Kf4 Ke7 42. Ke5 c6 43. c4 a5 44. Kf4 Kf6 45. Ke4 h5 46. gxh5 gxh5 47.
Kf4 Kg6 48. Ke5 h4 49. Kd6 h3 0-1

[Event "XXXI Ogolnopolski Turniej Szachowy Junio"]
[Site "MDK nr 1 Bydgoszcz"]
[Date "2014.02.03"]
[Round "2.1"]
[White "Kroczka, Gromoslaw"]
[Black "Walczak, Mikolaj"]
[Result "1-0"]
[WhiteElo "1775"]
[BlackElo "1453"]
[PlyCount "81"]
[EventDate "2014.??.??"]

1. d4 Nf6 2. e3 g6 3. Bd3 Bg7 4. f4 O-O 5. Nf3 d6 6. Nbd2 Nbd7 7. b3 c5 8. Bb2
Nd5 9. Qe2 N7f6 10. h3 Nb4 11. a3 Nxd3+ 12. cxd3 cxd4 13. Bxd4 b6 14. O-O Bb7
15. Rac1 Rc8 16. Nc4 b5 17. Ncd2 Qa5 18. b4 Qd8 19. Nb3 a6 20. e4 Nh5 21. Bxg7
Kxg7 22. Qe3 Nf6 23. f5 Qd7 24. Nbd4 Rxc1 25. Rxc1 Rc8 26. Ng5 Rxc1+ 27. Qxc1
Qc8 28. Qb2 Kg8 29. Qd2 Nd7 30. Ngf3 Kg7 31. h4 Nf6 32. Ng5 Ba8 33. Kh1 Bb7 34.
Kg1 Ba8 35. Kh2 Bc6 36. Kh3 Bd7 37. Qa2 Be8 38. Qb2 Kg8 39. g4 Qd7 40. Qd2 Kg7
41. Nge6+ 1-0

[Event "XXXI Ogolnopolski Turniej Szachowy Junio"]
[Site "MDK nr 1 Bydgoszcz"]
[Date "2014.02.03"]
[Round "2.2"]
[White "Dobosz, Kacper"]
[Black "Humin, Julia"]
[Result "0-1"]
[WhiteElo "1608"]
[BlackElo "1415"]
[PlyCount "100"]
[EventDate "2014.??.??"]

1. e4 c5 2. Nf3 Nc6 3. d4 cxd4 4. Nxd4 Nf6 5. Nc3 e5 6. Ndb5 d6 7. Nd5 Nxd5 8.
exd5 Nb8 9. c4 Be7 10. Be3 a6 11. Nc3 O-O 12. Bd3 f5 13. f3 Kh8 14. Qc2 Bg5 15.
Bf2 Qf6 16. c5 dxc5 17. Bxc5 Re8 18. O-O b5 19. d6 Be6 20. Rad1 Nd7 21. Bf2
Rac8 22. Qb1 Qf7 23. a3 Nc5 24. Bc2 Red8 25. Rfe1 Nb3 26. Rxe5 Nd2 27. Rxd2
Bxd2 28. Bxf5 Bxf5 29. Rxf5 Qg6 30. Qd3 Rxd6 31. Bd4 Rxd4 32. Qxd4 Qxf5 33.
Qxd2 Qe6 34. h3 Qb6+ 35. Kh1 Rd8 36. Qg5 Qd4 37. Qe7 Qd2 38. Ne4 Qc1+ 39. Kh2
Rc8 40. Nd6 Qf4+ 41. Kg1 Rc1+ 42. Kf2 Qd2+ 43. Kg3 Qe1+ 44. Qxe1 Rxe1 45. Ne4
Rb1 46. Nc5 a5 47. Nd3 Rd1 48. Nc5 a4 49. b3 axb3 50. Nxb3 Rd3 0-1

[Event "XXXI Ogolnopolski Turniej Szachowy Junio"]
[Site "MDK nr 1 Bydgoszcz"]
[Date "2014.02.03"]
[Round "2.3"]
[White "Kowalski, Roman"]
[Black "Repke, Mateusz"]
[Result "1-0"]
[WhiteElo "1557"]
[BlackElo "1405"]
[PlyCount "81"]
[EventDate "2014.??.??"]

1. e4 e6 2. Nc3 d5 3. exd5 exd5 4. d4 Nf6 5. Bd3 h6 6. Nge2 Bd6 7. O-O O-O 8.
Ng3 Nc6 9. Be3 Re8 10. Nh5 Ng4 11. h3 Nxe3 12. fxe3 Rxe3 13. Nxd5 Bh2+ 14. Kxh2
Qxd5 15. Rf4 Qg5 16. h4 Qd5 17. b3 Nb4 18. Bc4 Qd6 19. Bxf7+ Kh7 20. Kh1 Qc6
21. Qd2 Rc3 22. d5 Qc5 23. Qe2 Re3 24. Qd2 Rc3 25. a3 Na6 26. b4 Qe3 27. Qxe3
Rxe3 28. c4 c5 29. b5 Nc7 30. Rd1 Bd7 31. d6 Ne6 32. Rf3 Re4 33. g3 Nd4 34. Rf4
Re5 35. g4 Rd8 36. Bd5 b6 37. Rf7 Re3 38. Nf6+ Kg6 39. Nxd7 Rh3+ 40. Kg2 Rxh4
41. Kg3 1-0

[Event "XXXI Ogolnopolski Turniej Szachowy Junio"]
[Site "MDK nr 1 Bydgoszcz"]
[Date "2014.02.03"]
[Round "2.5"]
[White "Losinski, Piotr"]
[Black "Matewski, Marcin"]
[Result "0-1"]
[WhiteElo "1248"]
[BlackElo "1635"]
[PlyCount "78"]
[EventDate "2014.??.??"]

1. e4 e6 2. e5 d5 3. exd6 Bxd6 4. d4 Nf6 5. Nf3 h6 6. Nc3 O-O 7. Be2 b6 8. O-O
Bb7 9. Re1 Bb4 10. Bd2 Nc6 11. a3 Bd6 12. Nb5 Ne7 13. Nc3 Nf5 14. Qc1 Rc8 15.
Nb5 a6 16. Nxd6 cxd6 17. Bc3 Nd5 18. Bd2 Nde7 19. Bc3 Ng6 20. Rd1 Ngh4 21. Rd3
Be4 22. Rd1 Bxf3 23. Bxf3 Nxf3+ 24. gxf3 Qf6 25. Qf4 h5 26. Kh1 Kh7 27. d5 e5
28. Qe4 b5 29. Rg1 Rc4 30. Qd3 g6 31. Qd2 Nh4 32. Rg3 Rf4 33. Qd3 Rc8 34. Bd2
Rxf3 35. Rxf3 Nxf3 36. b3 e4 37. Qe3 Qxa1+ 38. Kg2 Qg1+ 39. Kh3 Qg4# 0-1

[Event "XXXI Ogolnopolski Turniej Szachowy Junio"]
[Site "MDK nr 1 Bydgoszcz"]
[Date "2014.02.03"]
[Round "2.6"]
[White "Losinska, Aleksandra"]
[Black "Kozakiewicz, Gracjan"]
[Result "0-1"]
[WhiteElo "1351"]
[BlackElo "1577"]
[PlyCount "55"]
[EventDate "2014.??.??"]

1. e4 c5 2. Nf3 d6 3. Bb5+ Bd7 4. Bxd7+ Qxd7 5. d4 cxd4 6. Nxd4 Nf6 7. Nc3 Nc6
8. Be3 a6 9. Qd2 b5 10. a3 e6 11. O-O Be7 12. Rad1 O-O 13. h3 Rac8 14. Nf3 Qc7
15. Rfe1 Na5 16. Qd3 Nc4 17. Bc1 Nxa3 18. bxa3 Qxc3 19. Qxc3 Rxc3 20. Rd2 Rfc8
21. Ree2 R3c4 22. e5 Nd5 23. Bb2 Nf4 24. Re1 Rxc2 25. Red1 d5 26. Nd4 Rxd2 27.
Rxd2 Rc4 28. Ne2 0-1

[Event "XXXI Ogolnopolski Turniej Szachowy Junio"]
[Site "MDK nr 1 Bydgoszcz"]
[Date "2014.02.03"]
[Round "2.7"]
[White "Borkowska, Zuzanna"]
[Black "Drobka, Marcin"]
[Result "1-0"]
[WhiteElo "1306"]
[BlackElo "1523"]
[PlyCount "71"]
[EventDate "2014.??.??"]

1. e4 d6 2. d4 g6 3. Nf3 Bg7 4. g3 Nf6 5. Nc3 O-O 6. Bg2 c5 7. O-O Bg4 8. Qd3
Nbd7 9. Be3 Nh5 10. h3 Bxf3 11. Bxf3 Nhf6 12. Rad1 Ne8 13. dxc5 Ne5 14. Qe2 f5
15. exf5 Rxf5 16. Bxb7 Rb8 17. Bd5+ Kh8 18. Be4 Rf7 19. b3 Qc8 20. Bg2 dxc5 21.
Bf4 Rf5 22. Nd5 Qe6 23. Ne3 Rf6 24. Ng4 Rf5 25. Bd5 Qc8 26. Nxe5 Nd6 27. Nc4
Rxf4 28. gxf4 Qxh3 29. Bg2 Qh4 30. Nxd6 exd6 31. Rxd6 Rf8 32. Qd2 g5 33. Rd8
gxf4 34. Rxf8+ Bxf8 35. Qc3+ Kg8 36. Bd5# 1-0

[Event "XXXI Ogolnopolski Turniej Szachowy Junio"]
[Site "MDK nr 1 Bydgoszcz"]
[Date "2014.02.03"]
[Round "2.8"]
[White "Andrzejewska, Maja"]
[Black "Straszewski, Tomasz"]
[Result "0-1"]
[WhiteElo "1114"]
[BlackElo "1356"]
[PlyCount "80"]
[EventDate "2014.??.??"]

1. e4 {[%emt 0:00:00]} e5 2. Nf3 Nc6 3. d4 exd4 4. Nxd4 Nf6 5. Nc3 Bb4 6. Nxc6
bxc6 7. Bd3 O-O 8. O-O h6 9. Bd2 Re8 10. Re1 Bb7 11. a3 Ba5 12. b4 Bb6 13. Be3
d6 14. Na4 Nxe4 15. Bxe4 Rxe4 16. Bxb6 Rxe1+ 17. Qxe1 axb6 18. Nb2 Qf6 19. Nd3
Qg6 20. Qe7 c5 21. g3 Qf6 22. Qxf6 gxf6 23. bxc5 dxc5 24. c4 Rd8 25. Rd1 Ba6
26. Nb2 Rxd1+ 27. Nxd1 Bxc4 28. Ne3 Be6 29. Kf1 c4 30. Ke2 b5 31. Kd2 c5 32.
Kc3 Kf8 33. f4 f5 34. h3 Ke7 35. g4 fxg4 36. hxg4 f6 37. Nf5+ Bxf5 38. gxf5 h5
39. a4 bxa4 40. Kxc4 h4 0-1

[Event "XXXI Ogolnopolski Turniej Szachowy Junio"]
[Site "MDK nr 1 Bydgoszcz"]
[Date "2014.02.04"]
[Round "3.1"]
[White "Chalas, Dawid"]
[Black "Kroczka, Gromoslaw"]
[Result "0-1"]
[WhiteElo "1480"]
[BlackElo "1775"]
[PlyCount "96"]
[EventDate "2014.??.??"]

1. e4 {[%emt 0:00:00]} c5 2. Nf3 e6 3. d4 cxd4 4. Nxd4 a6 5. a4 Qc7 6. Nc3 b6
7. Bd3 Bb7 8. O-O Nf6 9. Qe2 d6 10. Kh1 Be7 11. f4 Nbd7 12. Bd2 O-O 13. Rae1
Nc5 14. Rf3 d5 15. exd5 Nxd3 16. Qxd3 Nxd5 17. Nxd5 Bxd5 18. Rh3 g6 19. f5 Rad8
20. Qe3 Qb7 21. Nf3 g5 22. Rg3 f6 23. Bc3 h6 24. fxe6 Kh7 25. Qd3+ f5 26. Nd4
Be4 27. Qe2 Rg8 28. Qh5 Rg6 29. Rf1 f4 30. Rg4 Bf6 31. Nf3 Bxf3 32. gxf3 Bxc3
33. bxc3 Qd5 34. e7 Re8 35. h4 Rxe7 36. hxg5 Rxg5 37. Rxg5 Qxg5 38. Qh3 Rg7 39.
Rd1 a5 40. c4 Qc5 41. c3 Qg5 42. Qh2 Qg3 43. Qc2+ Qg6 44. Qh2 Qf5 45. Re1 Qf6
46. Qh5 Rg5 47. Qh3 Qf7 48. Rd1 Rh5 0-1

[Event "XXXI Ogolnopolski Turniej Szachowy Junio"]
[Site "MDK nr 1 Bydgoszcz"]
[Date "2014.02.04"]
[Round "3.2"]
[White "Humin, Julia"]
[Black "Kowalski, Roman"]
[Result "1-0"]
[WhiteElo "1415"]
[BlackElo "1557"]
[PlyCount "39"]
[EventDate "2014.??.??"]

1. e4 b6 2. d4 Bb7 3. Nc3 e6 4. Be3 Bb4 5. f3 Nf6 6. Bd3 d6 7. Nge2 Nbd7 8. Qd2
Qe7 9. a3 Bxc3 10. Nxc3 O-O 11. O-O-O c5 12. Bb5 a6 13. Bxd7 c4 14. d5 Nxd7 15.
dxe6 Qxe6 16. Qxd6 Nc5 17. Qxe6 Nxe6 18. Bxb6 Rab8 19. Ba7 Ra8 20. Be3 1-0

[Event "XXXI Ogolnopolski Turniej Szachowy Junio"]
[Site "MDK nr 1 Bydgoszcz"]
[Date "2014.02.04"]
[Round "3.3"]
[White "Matewski, Marcin"]
[Black "Borkowska, Zuzanna"]
[Result "0-1"]
[WhiteElo "1635"]
[BlackElo "1306"]
[PlyCount "108"]
[EventDate "2014.??.??"]

1. e4 c5 2. Nf3 e6 3. c4 Nc6 4. Nc3 d6 5. d3 Nf6 6. h3 Be7 7. g4 h6 8. Be3 Rb8
9. Bg2 a6 10. a4 Qb6 11. Qc2 Nb4 12. Qd2 d5 13. cxd5 exd5 14. exd5 Nfxd5 15.
O-O O-O 16. Ne5 Nxe3 17. fxe3 Qd6 18. d4 cxd4 19. exd4 Rd8 20. Rad1 Be6 21. Qf2
Rf8 22. Rfe1 Nd5 23. Nc4 Qd8 24. Nxd5 Bxd5 25. Qf1 Bxg2 26. Qxg2 Bf6 27. d5 Qc7
28. b3 Qc5+ 29. Kh1 b5 30. Ne5 Bxe5 31. Rxe5 Qc3 32. Ree1 Qxb3 33. axb5 axb5
34. d6 Qc4 35. d7 Qc7 36. Re7 Qd8 37. Rde1 Qc7 38. Qd5 b4 39. Re8 Rd8 40. R1e7
Qc1+ 41. Kh2 Qc2+ 42. Kg3 Qc3+ 43. Kf2 Qb2+ 44. Ke3 Qc3+ 45. Qd3 Qxd3+ 46. Kxd3
Rxd7+ 47. Rxd7 Rxe8 48. Rb7 Re1 49. h4 Rh1 50. Rxb4 Rxh4 51. Rb8+ Kh7 52. Rb7
f6 53. Ke3 Rxg4 54. Kf3 Rg5 0-1

[Event "XXXI Ogolnopolski Turniej Szachowy Junio"]
[Site "MDK nr 1 Bydgoszcz"]
[Date "2014.02.04"]
[Round "3.4"]
[White "Kozakiewicz, Gracjan"]
[Black "Dobosz, Kacper"]
[Result "1/2-1/2"]
[WhiteElo "1577"]
[BlackElo "1608"]
[PlyCount "94"]
[EventDate "2014.??.??"]

1. d4 Nf6 2. Bg5 e6 3. e4 Be7 4. Bd3 d5 5. e5 Nfd7 6. Bxe7 Qxe7 7. c3 c5 8. Nf3
Nc6 9. O-O O-O 10. Nbd2 a6 11. a4 b6 12. Re1 Bb7 13. Nf1 h6 14. Bc2 Rac8 15.
Qd3 g6 16. Qd2 Kh7 17. Ne3 Rh8 18. h4 Kg7 19. Rac1 cxd4 20. cxd4 Qb4 21. Qxb4
Nxb4 22. Bb1 a5 23. Rc3 Rc6 24. Rec1 Rhc8 25. Rxc6 Rxc6 26. Rxc6 Bxc6 27. b3 b5
28. axb5 Bxb5 29. Nc2 Nxc2 30. Bxc2 Nb8 31. Kh2 Nc6 32. Bd1 Bd3 33. Kg3 Be4 34.
Nd2 Bd3 35. Nf3 f6 36. Kf4 g5+ 37. hxg5 fxg5+ 38. Ke3 Be4 39. g4 Nb4 40. Nd2
Bg6 41. Nf3 Be4 42. Ne1 Kf7 43. f3 Bg6 44. Kd2 Kg7 45. Kc3 Kf7 46. Be2 Na2+ 47.
Kb2 Nb4 1/2-1/2

[Event "XXXI Ogolnopolski Turniej Szachowy Junio"]
[Site "MDK nr 1 Bydgoszcz"]
[Date "2014.02.04"]
[Round "3.5"]
[White "Walczak, Mikolaj"]
[Black "Losinski, Piotr"]
[Result "1-0"]
[WhiteElo "1453"]
[BlackElo "1248"]
[PlyCount "57"]
[EventDate "2014.??.??"]

1. e4 c5 2. Nf3 e6 3. d4 cxd4 4. Nxd4 a6 5. a4 Qb6 6. a5 Qc7 7. Be3 Bb4+ 8. Bd2
Bxd2+ 9. Nxd2 Nc6 10. Nc4 Nf6 11. e5 Nxe5 12. Nb6 Rb8 13. Ra3 d5 14. Rc3 Qd8
15. Qd2 Ne4 16. Qf4 Nd7 17. Qxb8 Nxb8 18. Rxc8 O-O 19. Rxd8 Rxd8 20. f3 Nd6 21.
Kd2 Nd7 22. Nxd7 Rxd7 23. b4 Rc7 24. c3 e5 25. Nc2 e4 26. Be2 Kf8 27. Rc1 f5
28. Nd4 f4 29. Ne6+ 1-0

[Event "XXXI Ogolnopolski Turniej Szachowy Junio"]
[Site "MDK nr 1 Bydgoszcz"]
[Date "2014.02.04"]
[Round "3.9"]
[White "Chalas, Klaudiusz"]
[Black "Losinska, Aleksandra"]
[Result "0-1"]
[WhiteElo "1286"]
[BlackElo "1351"]
[PlyCount "102"]
[EventDate "2014.??.??"]

1. e4 c5 2. Nf3 e6 3. Nc3 a6 4. d4 cxd4 5. Nxd4 Nc6 6. Nxc6 bxc6 7. Bf4 d5 8.
Qd2 Nf6 9. O-O-O Be7 10. f3 Nh5 11. Kb1 Bb4 12. Be3 Nf6 13. a3 Ba5 14. Bg5 h6
15. Bh4 g5 16. Bf2 Nd7 17. Bd4 e5 18. exd5 exd4 19. Qxd4 Qf6 20. Re1+ Kf8 21.
Qe4 Bb7 22. Qa4 Bxc3 23. bxc3 Rb8 24. Kc1 Qf4+ 25. Qxf4 gxf4 26. dxc6 Bxc6 27.
Bxa6 Ra8 28. Bd3 Rxa3 29. Kd2 Nc5 30. Ra1 Rxa1 31. Rxa1 Kg7 32. Ra5 Ne6 33. Bc4
Rd8+ 34. Kc1 Ra8 35. Rxa8 Bxa8 36. Bxe6 fxe6 37. Kd2 e5 38. Kd3 Kf6 39. Kc4 Ke6
40. Kb5 e4 41. Kc4 Ke5 42. h3 exf3 43. gxf3 Bxf3 44. Kd3 Be4+ 45. Ke2 Bxc2 46.
c4 Be4 47. c5 Kd5 48. h4 Kxc5 49. h5 Kd4 50. Kd2 Bf3 51. Ke1 Bxh5 0-1

[Event "XXXI Ogolnopolski Turniej Szachowy Junio"]
[Site "MDK nr 1 Bydgoszcz"]
[Date "2014.02.04"]
[Round "4.1"]
[White "Kroczka, Gromoslaw"]
[Black "Humin, Julia"]
[Result "1-0"]
[WhiteElo "1775"]
[BlackElo "1415"]
[PlyCount "111"]
[EventDate "2014.??.??"]

1. d4 Nf6 2. e3 g6 3. Bd3 d5 4. f4 Bg7 5. Nf3 Bg4 6. Nbd2 O-O 7. h3 Bd7 8. Ne5
e6 9. Rg1 Nh5 10. g3 Nc6 11. c3 Nxe5 12. fxe5 f6 13. exf6 Qxf6 14. Qe2 Rae8 15.
g4 Qh4+ 16. Kd1 Nf6 17. Qg2 Ne4 18. Nf3 Qf2 19. Bxe4 Qxg2 20. Rxg2 dxe4 21. Nd2
Bc6 22. b3 e5 23. Bb2 Rf7 24. Ke2 exd4 25. cxd4 Ref8 26. a4 a6 27. Rh2 b5 28.
Ba3 Re8 29. Bc5 Bf8 30. Bxf8 Rexf8 31. Rc1 Bd5 32. axb5 axb5 33. b4 Ra8 34. Rc2
Ra4 35. Rb2 c6 36. g5 Kg7 37. Rf2 Rf5 38. Rxf5 gxf5 39. Kf2 Ra1 40. Nb1 Ra2 41.
Rxa2 Bxa2 42. Nc3 Be6 43. Kg3 Kg6 44. h4 Kh5 45. Ne2 Kg6 46. Nf4+ Kf7 47. Nxe6
Kxe6 48. Kf4 Kd5 49. h5 Kc4 50. g6 hxg6 51. hxg6 Kxb4 52. g7 Kc3 53. g8=Q b4
54. Qa2 b3 55. Qb1 b2 56. Kxf5 1-0

[Event "XXXI Ogolnopolski Turniej Szachowy Junio"]
[Site "MDK nr 1 Bydgoszcz"]
[Date "2014.02.04"]
[Round "4.2"]
[White "Borkowska, Zuzanna"]
[Black "Chalas, Dawid"]
[Result "0-1"]
[WhiteElo "1306"]
[BlackElo "1480"]
[PlyCount "120"]
[EventDate "2014.??.??"]

1. e4 e5 2. Nf3 Nc6 3. Bb5 d6 4. d4 exd4 5. Nxd4 Bd7 6. Nxc6 bxc6 7. Bd3 Be7 8.
O-O Nf6 9. b3 O-O 10. Bb2 h6 11. Nd2 Nh7 12. Nf3 Bg4 13. e5 Ng5 14. Be2 Qc8 15.
Nxg5 Bxe2 16. Qxe2 Bxg5 17. Ba3 Re8 18. Qc4 dxe5 19. Qxc6 Re6 20. Qe4 Rg6 21.
Bb2 Re6 22. Rad1 c6 23. Qd3 Bf6 24. Qd7 Qa6 25. a4 Qb6 26. Qd2 Rd8 27. Qe2 Rd5
28. Qe4 Red6 29. Rxd5 cxd5 30. Qe2 d4 31. Qd3 Qc6 32. Re1 Re6 33. Qe4 Qxe4 34.
Rxe4 Rc6 35. Re2 e4 36. Rd2 d3 37. c4 Bg5 38. Rd1 Rb6 39. Bd4 Rxb3 40. Bxa7 Rb4
41. a5 Rxc4 42. Kf1 Ra4 43. Bb6 Ra2 44. Bc7 Bd2 45. g3 Bxa5 46. Be5 Rc2 47. Bf4
Bb6 48. Rd2 Rxd2 49. Bxd2 f5 50. Kg2 g5 51. h4 Bd8 52. f3 Kg7 53. fxe4 fxe4 54.
Kf2 Bb6+ 55. Ke1 gxh4 56. gxh4 Kg6 57. Bf4 h5 58. Kd2 Bd4 59. Bg5 Kf5 60. Bh6
Bf6 0-1

[Event "XXXI Ogolnopolski Turniej Szachowy Junio"]
[Site "MDK nr 1 Bydgoszcz"]
[Date "2014.02.04"]
[Round "4.3"]
[White "Straszewski, Tomasz"]
[Black "Kozakiewicz, Gracjan"]
[Result "0-1"]
[WhiteElo "1356"]
[BlackElo "1577"]
[PlyCount "86"]
[EventDate "2014.??.??"]

1. d4 Nf6 2. c4 c5 3. Nf3 cxd4 4. Nxd4 e6 5. Nc3 a6 6. a4 Nc6 7. Nb3 Bb4 8. Bd2
O-O 9. e3 Qc7 10. Be2 Ne5 11. Na2 Be7 12. Rc1 Qc6 13. O-O Qxa4 14. Nc3 Qc6 15.
Na2 Qc7 16. g3 b6 17. Bc3 Bb7 18. f3 Rfd8 19. Bd4 Rac8 20. Nd2 Nc6 21. Re1 d5
22. cxd5 Nxd5 23. Qa4 Qb8 24. Bxa6 Nxd4 25. Bxb7 Nxf3+ 26. Nxf3 Qxb7 27. Rxc8
Rxc8 28. Qe4 Qa6 29. Nc1 Bb4 30. Rd1 Qa1 31. Kg2 Qxb2+ 32. Kh3 Rxc1 33. Rxc1
Qxc1 34. Ng5 Qf1+ 35. Kh4 Qf5 36. Qc4 h6 37. Qc8+ Bf8 38. Nxf7 Qxf7 39. Qc1 Qf5
40. e4 Qxe4+ 41. Kh3 Ne3 42. Qd1 Qg2+ 43. Kh4 Qxh2# 0-1

[Event "XXXI Ogolnopolski Turniej Szachowy Junio"]
[Site "MDK nr 1 Bydgoszcz"]
[Date "2014.02.04"]
[Round "4.4"]
[White "Kowalski, Roman"]
[Black "Walczak, Mikolaj"]
[Result "1-0"]
[WhiteElo "1557"]
[BlackElo "1453"]
[PlyCount "75"]
[EventDate "2014.??.??"]

1. e4 c5 2. b3 e6 3. Bb2 Nc6 4. Nf3 Nge7 5. Nc3 d5 6. d3 d4 7. Ne2 Ng6 8. g3
Bd6 9. Bg2 O-O 10. O-O f5 11. Nd2 f4 12. Bf3 Nce5 13. Bc1 Nxf3+ 14. Nxf3 e5 15.
Kg2 Qd7 16. Neg1 Ne7 17. Nd2 Rf6 18. Nc4 Bc7 19. f3 h5 20. Kh1 fxg3 21. hxg3
Qe6 22. f4 exf4 23. gxf4 Qf7 24. f5 Bd7 25. Bg5 Rc6 26. Nf3 Nxf5 27. exf5 Qxf5
28. Qd2 Rg6 29. Rae1 Bc6 30. Re4 Bxe4 31. dxe4 Qh3+ 32. Kg1 Qg4+ 33. Qg2 Qxe4
34. Re1 Qg4 35. Nce5 Bxe5 36. Rxe5 Qxg2+ 37. Kxg2 Rf8 38. Rxc5 1-0

[Event "XXXI Ogolnopolski Turniej Szachowy Junio"]
[Site "MDK nr 1 Bydgoszcz"]
[Date "2014.02.04"]
[Round "4.5"]
[White "Kulpinski, Jakub"]
[Black "Repke, Mateusz"]
[Result "1/2-1/2"]
[WhiteElo "1347"]
[BlackElo "1405"]
[PlyCount "95"]
[EventDate "2014.??.??"]

1. e4 e6 2. d4 d5 3. Nd2 c5 4. exd5 exd5 5. dxc5 Bxc5 6. Ngf3 Bg4 7. h3 Bh5 8.
Nb3 Bb6 9. g4 Bg6 10. Bb5+ Nc6 11. Nbd4 Rc8 12. c3 Nge7 13. Qe2 O-O 14. Be3 Re8
15. O-O-O a6 16. Nxc6 Bxe3+ 17. fxe3 Nxc6 18. Bxc6 Rxc6 19. Nd4 Rf6 20. Rhf1
Rxf1 21. Rxf1 Qg5 22. Kd2 Rf8 23. Nb3 Rb8 24. Nc5 Qe7 25. b4 a5 26. a3 axb4 27.
axb4 Ra8 28. Qf3 Ra2+ 29. Kc1 Rc2+ 30. Kd1 Rxc3 31. Rf2 Rxe3 32. Re2 Rxe2 33.
Qxe2 Qxe2+ 34. Kxe2 b5 35. Ke3 Kf8 36. Kd4 Ke7 37. Kxd5 f6 38. Nb7 Be8 39. Nd6
Bd7 40. Kc5 Kd8 41. Nxb5 f5 42. gxf5 Bxf5 43. h4 h6 44. Nd6 Bd7 45. Kd5 g5 46.
hxg5 hxg5 47. Nf7+ Ke7 48. Nxg5 1/2-1/2